[Event "Sydney NSW op"]
[Site "Sydney"]
[Date "2025.06.07"]
[Round "3"]
[White "Jiang, Benjamin Wise"]
[Black "Zheng, Anthony"]
[Result "1-0"]
[WhiteElo "1908"]
[BlackElo "2012"]
[PlyCount "113"]
[EventDate "2025.06.06"]
[EventType "swiss"]
[EventRounds "7"]
[EventCountry "AUS"]
[SourceTitle "CB24_2025"]
[SourceDate "2025.06.11"]
[SourceVersion "1"]
[SourceVersionDate "2025.06.11"]
[SourceQuality "1"]

1. d4 Nf6 2. c4 e6 3. Nf3 b6 4. g3 Bb7 5. Bg2 Be7 6. 0-0 0-0 7. Nc3 Ne4 8. Qc2 Nxc3 9. Qxc3 d6 10. b3 Nd7 11. Bb2 Bf6 12. Qc2 Re8 13. e4 g6 14. Rad1 Bg7 15. Ne1 Qe7 16. Qd2 Rad8 17. Nc2 c5 18. Rfe1 Nf8 19. Qc1 e5 20. d5 Bc8 21. f3 f5 22. exf5 gxf5 23. Ne3 Qf7 24. Nf1 Ng6 25. Qd2 f4 26. Qe2 h5 27. Bc1 e4 28. fxe4 Bg4 29. Bf3 Bd4+ 30. Kg2 fxg3 31. hxg3 Rf8 32. Nh2 Ne5 33. Nxg4 hxg4 34. Bxg4 Qf2+ 35. Kh3 Kg7 36. Bg5 Nf3 37. Bxf3 Rxf3 38. Qxf2 Rh8+ 39. Kg4 Rxf2 40. Rd2 Rf7 41. Rde2 Kf8 42. Bf4 Rg8+ 43. Kf3 Ke7 44. Rf1 Be5 45. Ref2 Bd4 46. Rh2 Be5 47. Rh4 Bf6 48. Rh5 Be5 49. Rf5 Rxf5 50. exf5 Kf6 51. g4 Rh8 52. Ke4 Rh4 53. Bxe5+ dxe5 54. Rg1 a6 55. a4 Rh3 56. g5+ Kg7 57. d6 1-0